书目信息 |
| 题名: |
佛经文学研究论集
|
|
| 作者: | 陈允吉 主编 ;胡中行 , 荒见泰史 编 | |
| 分册: | ||
| 出版信息: | 上海 复旦大学出版社 2004 |
|
| 页数: | 626页 | |
| 开本: | 21cm | |
| 丛书名: | ||
| 单 册: | ||
| 中图分类: | I106.99 | |
| 科图分类: | ||
| 主题词: | 佛经--宗教文学--文学研究--中国--文集 , 宗教文学--文学研究--世界 | |
| 电子资源: | ||
| ISBN: | 7-309-04104-6 | |
| 000 | 01021nam0 2200277 45 | |
| 001 | 060000033911 | |
| 005 | 20051231095903.37 | |
| 010 | @a7-309-04104-6@dCNY32.00 | |
| 092 | @aCN | |
| 100 | @a20050623d2004 ekmy0chiy0120 ea | |
| 101 | 0 | @achi |
| 102 | @aCN@b310000 | |
| 105 | @ay z 000yy | |
| 200 | 1 | @a佛经文学研究论集@9fo jing wen xue yan jiu lun ji@f陈允吉主编@Fchen yun ji zhu bian@g胡中行,(日)荒见泰史编 |
| 210 | @a上海@c复旦大学出版社@d2004 | |
| 215 | @a626页@d21cm | |
| 330 | @a本书收录了论文34篇,内容涵盖了对汉译佛典经、律、论三藏美化文章的搜索阐介,佛典记载与中土诗歌、小说、散文、传记和道经文学感触相通轨迹的考证,兼及华梵文学与亚洲佛教传播国家人文现象的比较研究。 | |
| 606 | 0 | @a佛经@x宗教文学@x文学研究@y中国@j文集 |
| 606 | 0 | @a宗教文学@x文学研究@y世界 |
| 690 | @aI106.99@v4 | |
| 701 | 0 | @a陈允吉@Achen yun ji@4主编 |
| 702 | 0 | @a胡中行@Ahu zhong xing@4编 |
| 702 | 0 | @a荒见泰史@Ahuang jian tai shi@4编 |
| 801 | 0 | @aCN@bCXYBOOK@c20051231 |
| 905 | @a10447@dI106.99@e138 | |
| 999 | @aWJ@eDF | |
| 佛经文学研究论集/陈允吉主编/胡中行,(日)荒见泰史编.-上海:复旦大学出版社,2004 |
| 626页;21cm |
| ISBN 7-309-04104-6:CNY32.00 |
| 本书收录了论文34篇,内容涵盖了对汉译佛典经、律、论三藏美化文章的搜索阐介,佛典记载与中土诗歌、小说、散文、传记和道经文学感触相通轨迹的考证,兼及华梵文学与亚洲佛教传播国家人文现象的比较研究。 |
| ● |
| 相关链接 |
|
|
|
|
正题名:佛经文学研究论集
索取号:I106.99/138
 
预约/预借
| 序号 | 登录号 | 条形码 | 馆藏地/架位号 | 状态 | 备注 |
| 1 | 0373254 | 203732540 | 第一样本阅览室/ [索取号:I106.99/138] | 在馆 | |
| 2 | 0373255 | 203732559 | 第二借阅区/ [索取号:I106.99/138] | 在馆 | |
| 3 | 0373256 | 203732568 | 第二借阅区/ [索取号:I106.99/138] | 在馆 |